| 000 | 00524nmm a22001937a 4500 | ||
|---|---|---|---|
| 005 | 20170118184722.0 | ||
| 008 | 150612b xxu||||| |||| 00| 0 spa d | ||
| 041 | _aspa | ||
| 082 | _aMD 245 | ||
| 100 |
_aCordero Monge, Fabiola _93167 |
||
| 245 | _aInforme de práctica supervisada en Dentalab | ||
| 260 | _c2015 | ||
| 650 |
_aLABORATORIO DENTALAB _93168 |
||
| 650 |
_aPRÓTESIS PARCIAL REMOVIBLE _936641 |
||
| 650 |
_aCROMO COBALTO _936642 |
||
| 650 |
_aCONECTORES _936643 |
||
| 650 |
_aRETENEDORES _936644 |
||
| 942 | _cIP | ||
| 999 |
_c6236 _d6236 |
||